[Event "Bayern-chI Bank Hofmann 23rd"]
[Site "Tegernsee"]
[Date "2019.10.28"]
[Round "3"]
[White "Hofstetter, Hans Joachim"]
[Black "Manu David, Suthandram R"]
[Result "0-1"]
[WhiteElo "2210"]
[BlackElo "2403"]
[PlyCount "80"]
[EventDate "2019.10.26"]
[EventType "swiss"]
[EventRounds "9"]
[EventCountry "GER"]
[SourceTitle "CBM 192 Extra"]
[Source "Chessbase"]
[SourceDate "2019.11.06"]
[SourceVersion "1"]
[SourceVersionDate "2019.11.06"]
[SourceQuality "1"]

1. e4 c5 2. Nf3 Nc6 3. Nc3 Nf6 4. d4 cxd4 5. Nxd4 e5 6. Ndb5 d6 7. Bg5 a6 8. Na3 Be6 9. Bc4 b5 10. Bd5 Rc8 11. Ne2 Ne7 12. Bxe6 fxe6 13. Qd3 d5 14. Bxf6 gxf6 15. c3 f5 16. exf5 Nxf5 17. Nc2 Bc5 18. f4 exf4 19. Nxf4 Qd6 20. g3 0-0 21. 0-0-0 Ne7 22. Rhe1 Rf6 23. Nh5 Rf7 24. Qe2 Rc6 25. Qg4+ Ng6 26. Nf4 Rf6 27. h4 Kh8 28. Qg5 Qf8 29. Nd3 Be7 30. Qg4 Rc4 31. Nd4 b4 32. h5 bxc3 33. b3 c2 34. bxc4 cxd1Q+ 35. Kxd1 dxc4 36. Nxe6 Qh6 37. hxg6 cxd3 38. Ng5 Qg7 39. gxh7 Rf2 40. Qc8+ Rf8 0-1

[Event "Regionalliga Nord-West 1819"]
[Site "Bayern"]
[Date "2018.12.16"]
[Round "4.5"]
[White "Nogatz, Falco"]
[Black "Hofstetter, Hans Joachim"]
[Result "1/2-1/2"]
[WhiteElo "1875"]
[BlackElo "2148"]
[PlyCount "172"]
[EventDate "2018.10.21"]
[EventType "team-tourn"]
[EventRounds "9"]
[EventCountry "GER"]
[SourceTitle "EXT 2022"]
[Source "ChessBase"]
[SourceDate "2021.10.06"]
[SourceVersion "1"]
[SourceVersionDate "2021.10.06"]
[SourceQuality "1"]
[WhiteTeam "Wuerzburg II"]
[BlackTeam "Bad Neustadt"]
[WhiteTeamCountry "GER"]
[BlackTeamCountry "GER"]

1. f4 e5 2. fxe5 Nc6 3. Nf3 g5 4. g3 g4 5. Nh4 Nxe5 6. d4 Ng6 7. Nxg6 hxg6 8. e4 d5 9. Bg2 dxe4 10. Bxe4 f5 11. Bg2 Bg7 12. c3 Nf6 13. Bg5 Rh5 14. Qd2 Kf7 15. Na3 Qe8+ 16. Be3 c6 17. Nc4 Kg8 18. 0-0-0 Be6 19. Ne5 Bd5 20. Kb1 Ne4 21. Qe2 b5 22. Nd3 Qf7 23. Nf4 Bxa2+ 24. Ka1 Bc4 25. Qe1 Qb7 26. Bxe4 fxe4 27. Kb1 Qa6 28. Kc2 Bb3+ 29. Kd2 Bxd1 30. Qxd1 Qa2 31. Qc2 Re8 32. Nxh5 gxh5 33. Rf1 Qd5 34. Ke1 Rf8 35. Rf4 Rxf4 36. Bxf4 a5 37. Ke2 Kf7 38. Ke3 Ke6 39. Qxe4+ Qxe4+ 40. Kxe4 Bf6 41. Bc7 a4 42. Bf4 Be7 43. Be3 Bd6 44. Bg5 Bc7 45. Bh4 Ba5 46. Bg5 a3 47. bxa3 Bxc3 48. Bc1 Ba5 49. Bh6 Bc7 50. Bf4 Bd8 51. Bd2 Be7 52. Bb4 Bg5 53. Be1 Bc1 54. Bb4 Bg5 55. Be1 Bd8 56. Bd2 Bc7 57. Bf4 Ba5 58. Bh6 Be1 59. Be3 Bc3 60. Bc1 Be1 61. Be3 Kf6 62. d5 cxd5+ 63. Kxd5 Kf5 64. Bb6 b4 65. axb4 Bxb4 66. Bf2 Ba5 67. Bc5 Bc7 68. Bf2 Bb8 69. Bg1 Be5 70. Bf2 h4 71. gxh4 Bxh2 72. Be1 Be5 73. h5 Bg7 74. Bg3 Kg5 75. Ke4 Kxh5 76. Kf5 Bh6 77. Bf2 Bg5 78. Bg3 Bh4 79. Kf4 Bxg3+ 80. Kxg3 Kg5 81. Kg2 Kf4 82. Kf2 g3+ 83. Kg2 Kg4 84. Kg1 Kf3 85. Kf1 g2+ 86. Kg1 Kg3 1/2-1/2

[Event "Bayern-ch 89th"]
[Site "Bad Kissingen"]
[Date "2018.08.30"]
[Round "6"]
[White "Singer, Christoph"]
[Black "Hofstetter, Hans Joachim"]
[Result "1-0"]
[WhiteElo "2361"]
[BlackElo "2163"]
[PlyCount "83"]
[EventDate "2018.08.26"]
[EventType "swiss"]
[EventRounds "9"]
[EventCountry "GER"]
[SourceTitle "CBM 189 Extra"]
[Source "ChessBase"]
[SourceDate "2019.06.03"]
[SourceVersion "1"]
[SourceVersionDate "2019.06.03"]
[SourceQuality "1"]

1. e4 e5 2. Nf3 Nc6 3. Bc4 Nf6 4. d3 Be7 5. 0-0 0-0 6. Re1 d6 7. a4 Be6 8. Nbd2 Nh5 9. Nxe5 Nxe5 10. Bxe6 fxe6 11. Qxh5 Bg5 12. Qe2 Qf6 13. c3 Bh4 14. Rf1 Qg6 15. f4 Ng4 16. Nf3 Be7 17. h3 Nh6 18. Be3 Rae8 19. Rad1 Bd8 20. Rd2 Kh8 21. Kh1 a6 22. g4 c6 23. g5 Ng8 24. Nh4 Qf7 25. Qg4 g6 26. Rdf2 Ne7 27. Bd4+ Kg8 28. Bf6 Nf5 29. exf5 exf5 30. Qf3 Bxf6 31. gxf6 Qxf6 32. Ng2 Qe6 33. Re1 Qb3 34. Rfe2 Rxe2 35. Qxe2 Qxa4 36. Qe6+ Rf7 37. Qxd6 Qc2 38. Re8+ Kg7 39. Qd8 Qd1+ 40. Kh2 Qh5 41. Rg8+ Kh6 42. Qe8 1-0

[Event "Bayern-ch 89th"]
[Site "Bad Kissingen"]
[Date "2018.08.28"]
[Round "4"]
[White "Hofstetter, Hans Joachim"]
[Black "Ott, Florian"]
[Result "1-0"]
[WhiteElo "2163"]
[BlackElo "2324"]
[PlyCount "75"]
[EventDate "2018.08.26"]
[EventType "swiss"]
[EventRounds "9"]
[EventCountry "GER"]
[SourceTitle "CBM 189 Extra"]
[Source "ChessBase"]
[SourceDate "2019.06.03"]
[SourceVersion "1"]
[SourceVersionDate "2019.06.03"]
[SourceQuality "1"]

1. e4 c5 2. Nf3 d6 3. c3 Nf6 4. Be2 g6 5. 0-0 Bg7 6. Re1 0-0 7. Bf1 Nc6 8. h3 e5 9. d4 exd4 10. cxd4 Re8 11. d5 Ne5 12. Nxe5 Rxe5 13. Nc3 a6 14. a4 Re8 15. Bg5 Rb8 16. Qc2 Qc7 17. Bc4 Bd7 18. Qd3 Nh5 19. g4 h6 20. Bd2 Nf6 21. a5 Bc8 22. f4 Nd7 23. e5 b5 24. axb6 Nxb6 25. exd6 Rxe1+ 26. Rxe1 Qxd6 27. Ne4 Qd8 28. b3 Bd4+ 29. Be3 Qh4 30. Bf2 Bxf2+ 31. Nxf2 Bb7 32. Re5 Rd8 33. d6 Nxc4 34. bxc4 Qf6 35. Qe3 Qxd6 36. Qxc5 Qd2 37. Qe7 Kg7 38. Qxb7 1-0

[Event "Bayern-ch 89th"]
[Site "Bad Kissingen"]
[Date "2018.08.26"]
[Round "1"]
[White "Englert, Fabian"]
[Black "Hofstetter, Hans Joachim"]
[Result "1-0"]
[WhiteElo "2398"]
[BlackElo "2163"]
[PlyCount "47"]
[EventDate "2018.08.26"]
[EventType "swiss"]
[EventRounds "9"]
[EventCountry "GER"]
[SourceTitle "CBM 189 Extra"]
[Source "ChessBase"]
[SourceDate "2019.06.03"]
[SourceVersion "1"]
[SourceVersionDate "2019.06.03"]
[SourceQuality "1"]

1. Nf3 Nf6 2. g3 d5 3. Bg2 c5 4. 0-0 Nc6 5. d4 cxd4 6. Nxd4 e5 7. Nxc6 bxc6 8. c4 Be6 9. Nc3 h6 10. Qa4 Qd7 11. cxd5 Nxd5 12. Nxd5 cxd5 13. Qxd7+ Kxd7 14. Rd1 Kc6 15. Be3 e4 16. Rac1+ Kb7 17. f3 f5 18. Rd4 Be7 19. fxe4 fxe4 20. Rxe4 dxe4 21. Bxe4+ Ka6 22. Rc6+ Kb5 23. Rxe6 Bf6 24. Bc6+ 1-0

[Event "Unterfranken-ch69 M1"]
[Site "Schweinfurt"]
[Date "2018.04.06"]
[Round "8"]
[White "Blank, Stefan"]
[Black "Hofstetter, Hans Joachim"]
[Result "0-1"]
[WhiteElo "1779"]
[BlackElo "2181"]
[PlyCount "78"]
[EventDate "2018.04.02"]
[EventType "tourn"]
[EventRounds "9"]
[EventCountry "GER"]
[SourceTitle "EXT 2019"]
[Source "ChessBase"]
[SourceDate "2018.10.10"]
[SourceVersion "1"]
[SourceVersionDate "2018.10.10"]
[SourceQuality "1"]

1. e4 e5 2. Nf3 Nc6 3. d3 Nf6 4. Be2 d5 5. Nbd2 h6 6. 0-0 Bc5 7. c3 Bb6 8. Qc2 0-0 9. a3 a6 10. b4 Qe7 11. Bb2 Bg4 12. exd5 Nxd5 13. Rae1 Rfe8 14. c4 Nf4 15. Bd1 Qd7 16. c5 Ba7 17. Re3 Rad8 18. Nc4 Nxd3 19. Bc3 e4 20. Nfd2 Bxd1 21. Qxd1 f5 22. Rg3 Re7 23. Qh5 Qe6 24. Rg6 Nf4 25. Rxe6 Nxh5 26. Rxe7 Nxe7 27. Re1 b5 28. Ne5 Nf4 29. Re3 Ned5 30. Bd4 Nxe3 31. Bxe3 Ne6 32. Nc6 Ra8 33. Ne7+ Kf7 34. Nxf5 Rd8 35. g4 Rd3 36. Nxe4 Rxa3 37. Bd2 a5 38. bxa5 Nxc5 39. Bb4 Ra1+ 0-1

[Event "Unterfranken-ch69 M1"]
[Site "Schweinfurt"]
[Date "2018.04.04"]
[Round "4"]
[White "Mueller, Lutz"]
[Black "Hofstetter, Hans Joachim"]
[Result "0-1"]
[WhiteElo "2005"]
[BlackElo "2181"]
[PlyCount "58"]
[EventDate "2018.04.02"]
[EventType "tourn"]
[EventRounds "9"]
[EventCountry "GER"]
[SourceTitle "EXT 2019"]
[Source "ChessBase"]
[SourceDate "2018.10.10"]
[SourceVersion "1"]
[SourceVersionDate "2018.10.10"]
[SourceQuality "1"]

1. d4 Nf6 2. Nf3 g6 3. c4 Bg7 4. Nc3 d5 5. cxd5 Nxd5 6. Bd2 0-0 7. e4 Nxc3 8. Bxc3 c5 9. d5 Bxc3+ 10. bxc3 Qa5 11. Qd2 Bg4 12. Ne5 Bd7 13. h4 f6 14. Nc4 Qa4 15. Bd3 b5 16. Ne3 c4 17. Be2 Na6 18. 0-0 Qa3 19. f4 Nc5 20. Qd4 Na4 21. Rfc1 Qc5 22. Qd2 e5 23. g3 exf4 24. gxf4 Rae8 25. Bf3 Bf5 26. Kh2 Bxe4 27. Bg4 f5 28. Bh3 Bd3 29. Re1 Re4 0-1

[Event "GER Seniors Derby 17th"]
[Site "Wesel Undeloh"]
[Date "2018.03.16"]
[Round "3"]
[White "Hofstetter, Hans Joachim"]
[Black "Hoehne, Volkmar"]
[Result "1-0"]
[WhiteElo "2181"]
[BlackElo "1989"]
[PlyCount "35"]
[EventDate "2018.03.15"]
[EventType "swiss"]
[EventRounds "7"]
[EventCountry "GER"]
[SourceTitle "EXT 2019"]
[Source "ChessBase"]
[SourceDate "2018.10.10"]
[SourceVersion "1"]
[SourceVersionDate "2018.10.10"]
[SourceQuality "1"]

1. e4 e6 2. d4 d5 3. e5 c5 4. c3 Nc6 5. Nf3 Qb6 6. a3 c4 7. Nbd2 Na5 8. b4 cxb3 9. Rb1 Bd7 10. c4 Ne7 11. c5 Qc7 12. Nxb3 Ba4 13. Nfd2 Nec6 14. Qg4 0-0-0 15. Nxa5 Qxa5 16. Be2 Qc3 17. Bb2 Qc2 18. Bd1 1-0

[Event "Regionalliga Nord-West 1718"]
[Site "Bayern"]
[Date "2018.02.25"]
[Round "7.3"]
[White "Hofstetter, Hans Joachim"]
[Black "Kannenberg, Karl Heinz"]
[Result "1-0"]
[WhiteElo "2081"]
[BlackElo "2131"]
[PlyCount "97"]
[EventDate "2017.10.22"]
[EventType "team-tourn"]
[EventRounds "9"]
[EventCountry "GER"]
[SourceTitle "EXT 2022"]
[Source "ChessBase"]
[SourceDate "2021.10.06"]
[SourceVersion "1"]
[SourceVersionDate "2021.10.06"]
[SourceQuality "1"]
[WhiteTeam "Bad Neustadt"]
[BlackTeam "Kitzingen SC"]
[WhiteTeamCountry "GER"]
[BlackTeamCountry "GER"]

1. e4 c6 2. d4 d5 3. e5 Bf5 4. Be2 Qb6 5. Nf3 e6 6. 0-0 h6 7. Nbd2 Ne7 8. Nb3 Nd7 9. Bd2 Qc7 10. Ne1 g5 11. Bd3 0-0-0 12. Ba5 b6 13. Ba6+ Kb8 14. Bb4 Nc8 15. Bxf8 Rdxf8 16. Qe2 f6 17. exf6 Rxf6 18. Bxc8 Rxc8 19. c4 Qd6 20. c5 bxc5 21. Nxc5 Nxc5 22. dxc5 Qc7 23. Nf3 Be4 24. Nd2 Bg6 25. b4 Ka8 26. Nb3 e5 27. Rfd1 Re8 28. a4 d4 29. b5 Bf7 30. Nd2 Bd5 31. Ne4 Bxe4 32. Qxe4 Rfe6 33. a5 Qb7 34. b6 a6 35. Qd3 R8e7 36. Rac1 Qc8 37. b7+ Rxb7 38. Qxa6+ Kb8 39. Rb1 Ree7 40. Qd3 Rxb1 41. Rxb1+ Rb7 42. Rb6 Rxb6 43. cxb6 Qd7 44. a6 Qd8 45. b7 Qa5 46. g3 Qb5 47. Qf5 Ka7 48. Qc8 Qb1+ 49. Kg2 1-0

[Event "Bad Kissingen Schachzauber 1st"]
[Site "Bad Kissingen"]
[Date "2018.01.17"]
[Round "6"]
[White "Hofstetter, Hans Joachim"]
[Black "Wallinger, Manfred"]
[Result "1-0"]
[WhiteElo "2175"]
[BlackElo "2150"]
[PlyCount "59"]
[EventDate "2018.01.13"]
[EventType "tourn"]
[EventRounds "9"]
[EventCountry "GER"]
[EventCategory "5"]
[SourceTitle "CBM 182 Extra"]
[Source "ChessBase"]
[SourceDate "2018.02.23"]
[SourceVersion "1"]
[SourceVersionDate "2018.02.23"]
[SourceQuality "1"]

1. e4 c5 2. Nf3 d6 3. c3 Nf6 4. Be2 Nc6 5. d4 cxd4 6. cxd4 Nxe4 7. d5 Qa5+ 8. Nc3 Nxc3 9. bxc3 Nd8 10. 0-0 g6 11. Qd4 f6 12. c4 Bg7 13. Bd2 Qc5 14. Qh4 0-0 15. Rac1 Nf7 16. Be3 Qb4 17. Qe4 Re8 18. Nd4 f5 19. Qc2 Bd7 20. Rb1 Qa4 21. Qd2 b6 22. Rb4 Qa3 23. Rfb1 e5 24. dxe6 Rxe6 25. Nxe6 Bxe6 26. Qd1 Qc3 27. Qa4 Qe5 28. Bf3 Rc8 29. Qxa7 Bxc4 30. Bb7 1-0

[Event "Bad Kissingen Schachzauber 1st"]
[Site "Bad Kissingen"]
[Date "2018.01.15"]
[Round "4"]
[White "Hofstetter, Hans Joachim"]
[Black "Mkrtchian, Lilit"]
[Result "0-1"]
[WhiteElo "2175"]
[BlackElo "2378"]
[PlyCount "92"]
[EventDate "2018.01.13"]
[EventType "tourn"]
[EventRounds "9"]
[EventCountry "GER"]
[EventCategory "5"]
[SourceTitle "CBM 182 Extra"]
[Source "ChessBase"]
[SourceDate "2018.02.23"]
[SourceVersion "1"]
[SourceVersionDate "2018.02.23"]
[SourceQuality "1"]

1. e4 g6 2. Nc3 d6 3. d4 Nf6 4. f4 Bg7 5. Nf3 0-0 6. Bd3 Nc6 7. e5 dxe5 8. fxe5 Nh5 9. Be3 Bg4 10. Be2 f6 11. e6 f5 12. d5 Nb4 13. Bc4 Bxf3 14. gxf3 c6 15. d6 Bxc3+ 16. bxc3 Nd5 17. Bxd5 cxd5 18. Qxd5 Qxd6 19. Qxd6 exd6 20. 0-0-0 Rfe8 21. Rxd6 Ng7 22. Rd7 b6 23. Bh6 Nxe6 24. Rhd1 Rac8 25. Rxa7 Rxc3 26. Rd3 Rc6 27. Kd2 Rec8 28. h4 Rxc2+ 29. Kd1 R2c6 30. Rdd7 R6c7 31. Raxc7 Nxc7 32. Rg7+ Kh8 33. Rd7 b5 34. Bf4 Ne6 35. Be5+ Kg8 36. Re7 Rc6 37. f4 h5 38. Rb7 Ra6 39. Rxb5 Rxa2 40. Rb8+ Kf7 41. Rb7+ Ke8 42. Rb8+ Kd7 43. Ke1 Rg2 44. Rg8 Ke7 45. Ra8 Nc5 46. Kf1 Rg4 0-1

[Event "Bad Kissingen Schachzauber 1st"]
[Site "Bad Kissingen"]
[Date "2018.01.14"]
[Round "3"]
[White "Heidenfeld, Mark"]
[Black "Hofstetter, Hans Joachim"]
[Result "1-0"]
[WhiteElo "2359"]
[BlackElo "2175"]
[PlyCount "111"]
[EventDate "2018.01.13"]
[EventType "tourn"]
[EventRounds "9"]
[EventCountry "GER"]
[EventCategory "5"]
[SourceTitle "CBM 182 Extra"]
[Source "ChessBase"]
[SourceDate "2018.02.23"]
[SourceVersion "1"]
[SourceVersionDate "2018.02.23"]
[SourceQuality "1"]

1. e4 e5 2. Nf3 Nc6 3. c3 Nf6 4. d4 Nxe4 5. d5 Ne7 6. Nxe5 Ng6 7. Qd4 Nxe5 8. Qxe4 Qe7 9. Bf4 Ng6 10. Qxe7+ Nxe7 11. Bxc7 Nxd5 12. Bg3 Be7 13. Nd2 Nf6 14. 0-0-0 0-0 15. Nb3 d5 16. Bd3 Nh5 17. Rhe1 Bg5+ 18. Kb1 Nxg3 19. hxg3 Bd7 20. f4 Bf6 21. Be2 Rfe8 22. Bf3 Rxe1 23. Rxe1 Bc6 24. g4 h6 25. Na5 Kf8 26. Rd1 Rd8 27. Kc2 Ke8 28. c4 dxc4 29. Rxd8+ Kxd8 30. Bxc6 bxc6 31. Nxc6+ Kc7 32. Na5 Bh4 33. Nxc4 Bg3 34. f5 Kc6 35. Kd3 Kc5 36. a3 Kb5 37. b3 a5 38. Kd4 a4 39. bxa4+ Kxa4 40. Kd5 Kb3 41. Nd6 Kxa3 42. Nxf7 Kb4 43. Nd6 Be1 44. Ke6 Kc5 45. Ne8 Bc3 46. Kf7 Kd5 47. Nxg7 Ke4 48. Nh5 Ke3 49. Kg6 Kf2 50. f6 Kxg2 51. f7 Bb4 52. Kxh6 Kf3 53. g5 Bf8+ 54. Kh7 Kg4 55. g6 Kxh5 56. g7 1-0

[Event "Bad Kissingen Schachzauber 1st"]
[Site "Bad Kissingen"]
[Date "2018.01.14"]
[Round "2"]
[White "Hofstetter, Hans Joachim"]
[Black "Prusikin, Michael"]
[Result "1-0"]
[WhiteElo "2175"]
[BlackElo "2516"]
[PlyCount "67"]
[EventDate "2018.01.13"]
[EventType "tourn"]
[EventRounds "9"]
[EventCountry "GER"]
[EventCategory "5"]
[SourceTitle "CBM 182 Extra"]
[Source "ChessBase"]
[SourceDate "2018.02.23"]
[SourceVersion "1"]
[SourceVersionDate "2018.02.23"]
[SourceQuality "1"]

1. e4 e5 2. Nf3 Nc6 3. Bb5 a6 4. Ba4 Nf6 5. d3 d6 6. c3 g6 7. 0-0 Bg7 8. Nbd2 0-0 9. Re1 h6 10. Nf1 b5 11. Bb3 Na5 12. Bc2 c5 13. Ne3 Nc6 14. d4 exd4 15. cxd4 Nxd4 16. Nxd4 cxd4 17. Qxd4 Bb7 18. Qb4 Re8 19. f3 d5 20. exd5 Rc8 21. Bb3 Bf8 22. Qd2 a5 23. a3 a4 24. Ba2 Qb6 25. Kh1 h5 26. Qd3 b4 27. axb4 Bxb4 28. d6 Kg7 29. d7 Bxe1 30. Nc4 Qc7 31. dxe8N+ Rxe8 32. Nd6 Re7 33. Bg5 Bf2 34. Bxf7 1-0

[Event "Bayern-ch"]
[Site "Rosenheim"]
[Date "2017.08.21"]
[Round "3"]
[White "Schubert, Josef"]
[Black "Hofstetter, Hans Joachim"]
[Result "1/2-1/2"]
[WhiteElo "2042"]
[BlackElo "2229"]
[PlyCount "67"]
[EventDate "2017.08.20"]
[EventType "swiss"]
[EventRounds "9"]
[EventCountry "GER"]
[SourceTitle "EXT 2019"]
[Source "ChessBase"]
[SourceDate "2018.10.10"]
[SourceVersion "1"]
[SourceVersionDate "2018.10.10"]
[SourceQuality "1"]

1. d4 Nf6 2. c4 g6 3. Nc3 d5 4. cxd5 Nxd5 5. Bd2 Bg7 6. Nf3 0-0 7. e4 Nxc3 8. Bxc3 c5 9. d5 Bg4 10. h3 Bxf3 11. Qxf3 Bd4 12. Be2 e5 13. 0-0 Qd6 14. Rac1 Nd7 15. Bxd4 cxd4 16. Bb5 Nb6 17. Qb3 Rac8 18. a4 a5 19. Bc6 bxc6 20. Qxb6 Rb8 21. Qa6 Qb4 22. dxc6 Rb6 23. Qa7 Rbb8 24. c7 Rbc8 25. Qa6 Qxa4 26. Rc5 Qb3 27. Qxa5 Qxb2 28. Rxe5 Qc2 29. Qc5 Rxc7 30. Qxd4 Rc4 31. Qd1 Qb2 32. Qd5 Rc2 33. Re7 Qf6 34. Ra7 1/2-1/2